| 000 | 03338nam a2200325 a 4500 | ||
|---|---|---|---|
| 003 | OSt | ||
| 005 | 20250807094240.0 | ||
| 007 | cr ||||||a|c|a | ||
| 008 | 240814s2024 mx a|||fom||| |01 0 spa d | ||
| 040 | _erda | ||
| 100 | 1 |
_aMartínez Reyes, Gisell Celeste _9189417 |
|
| 245 | 1 | 0 |
_aInfluencia de la salinidad en la tolerancia al estrés hídrico de las plántulas de Rhizophora mangle L. / _cpor Gisell Celeste Martínez Reyes; director de tesis Roberth Armando Us Santamaría; secretario Diana Jacqueline Cisneros de la Cruz; vocal José Armando Gil Vera Castillo; suplente Sara Gabriela Cerón Aguilera; suplente Yolanda Franco Islas. |
| 264 | 1 |
_aChapingo, México : _bEl autor, _c2024. |
|
| 300 |
_a1 recurso en línea (72 páginas): _btablas, figuras. |
||
| 336 |
_2rdacontent _atexto _btxt |
||
| 337 |
_2rdamedia _acomputadora _bc |
||
| 338 |
_2rdacarrier _arecurso en línea _bcr |
||
| 502 |
_bIRF _cDICIFO _d2024. _gLIC |
||
| 504 | _aIncluye referencias bibliográficas: páginas 57-66. | ||
| 520 | _aEl estrés hídrico en manglares es ocasionado por diversas actividades antrópicas y naturales que modifican el régimen hidrológico, ocasionando salinización del sustrato y eventual muerte de las plantas. En estos casos, la etapa de plántula es la más vulnerable y su supervivencia es crucial para la continuidad de las poblaciones de manglar. Con el objetivo de analizar las respuestas fisiológicas relacionadas con la tolerancia al estrés hídrico de las plántulas de Rhizophora mangle, se cultivaron plántulas en salinidades contrastantes (0 y 35 ppm) y posteriormente se suspendió el riego durante 30 días. Se midieron variables fisiológicas (fluorescencia máxima de la clorofila, tasas de conductancia estomática, asimilación de CO2 y transpiración máxima, potencial hídrico foliar mínimo y máximo, capacitancia foliar, área foliar, fracción de masa foliar, área foliar específica, razón de raíz/parte aérea, longitud y peso seco de los tallos) y el porcentaje de supervivencia antes y después de la suspensión del riego (a los 15 y 30 días). Las plántulas que crecieron con salinidad realizaron un uso más conservativo del agua, con menor área foliar, tasa de conductancia estomática y potencial hídrico, lo que les confirió mayor tolerancia al estrés hídrico después de 30 días sin riego. En contraste las plántulas sin salinidad tuvieron una mayor tasa de crecimiento, pero mayor vulnerabilidad y por tanto mortalidad después de los 15 días. Las condiciones ambientales en las que crecen las plántulas de R. mangle son determinantes para su tolerancia al estrés hídrico, aquellas que crecen a mayor salinidad son menos vulnerables a los cambios hidrológicos del sitio. | ||
| 650 | 4 |
_aSalinidad efecto en Rhizophora mangle _9189418 |
|
| 650 | 4 |
_aEstrés de sequía _938473 |
|
| 700 | 1 |
_aUs Santamaría, Roberth Armando _9187167 _eDirector de tesis. |
|
| 700 | 1 |
_aCisneros de la Cruz, Diana Jaqueline _9189419 _eSecretario. |
|
| 700 | 0 |
_aVera Castillo, José Amando Gil _eVocal. _9118764 |
|
| 700 | 1 |
_aCerón Aguilera, Sara Gabriela _9189420 _eSuplente. |
|
| 700 | 1 |
_aFranco Islas, Yolanda _942965 _eSuplente. |
|
| 856 |
_uhttp://10.13.5.2/tesis/tl/1211522-9_MARTINEZ_REYES_GISELLCELESTE.pdf _zDESCARGAR PDF |
||
| 942 |
_2Clasificación Universidad Autónoma Chapingo _cTD |
||
| 999 |
_c220077 _d220077 |
||